<?xml version="1.0" encoding="UTF-8"?>
<collection xmlns="http://www.loc.gov/MARC21/slim">
<record>
  <controlfield tag="001">250895</controlfield>
  <controlfield tag="005">20230317220642.0</controlfield>
  <datafield tag="024" ind1="7" ind2=" ">
    <subfield code="a">10.1393/ncc/i2022-22125-5</subfield>
    <subfield code="2">doi</subfield>
  </datafield>
  <datafield tag="024" ind1="7" ind2=" ">
    <subfield code="a">Polettini:2022kmn</subfield>
    <subfield code="2">INSPIRETeX</subfield>
  </datafield>
  <datafield tag="024" ind1="7" ind2=" ">
    <subfield code="a">inspire:2151741</subfield>
    <subfield code="2">inspire</subfield>
  </datafield>
  <datafield tag="024" ind1="7" ind2=" ">
    <subfield code="a">10.15120/GSI-2023-00121</subfield>
    <subfield code="2">datacite_doi</subfield>
  </datafield>
  <datafield tag="037" ind1=" " ind2=" ">
    <subfield code="a">GSI-2023-00121</subfield>
  </datafield>
  <datafield tag="041" ind1=" " ind2=" ">
    <subfield code="a">English</subfield>
  </datafield>
  <datafield tag="082" ind1=" " ind2=" ">
    <subfield code="a">530</subfield>
  </datafield>
  <datafield tag="100" ind1="1" ind2=" ">
    <subfield code="a">Polettini, M.</subfield>
    <subfield code="0">M.Polettini.1</subfield>
    <subfield code="b">0</subfield>
    <subfield code="e">Corresponding author</subfield>
  </datafield>
  <datafield tag="111" ind1="2" ind2=" ">
    <subfield code="a">107th Congresso Nazionale della Societa Italiana di Fisica</subfield>
    <subfield code="g">SIF 2021</subfield>
    <subfield code="c">Online</subfield>
    <subfield code="d">2021-09-13 - 2021-09-17</subfield>
    <subfield code="w">Italy</subfield>
  </datafield>
  <datafield tag="245" ind1=" " ind2=" ">
    <subfield code="a">Decay studies in the A∼225 Po-Fr region from the DESPEC campaign at GSI in 2021</subfield>
  </datafield>
  <datafield tag="260" ind1=" " ind2=" ">
    <subfield code="a">Bologna [u.a.]</subfield>
    <subfield code="c">2022</subfield>
    <subfield code="b">Ed. Compositori</subfield>
  </datafield>
  <datafield tag="300" ind1=" " ind2=" ">
    <subfield code="a">4</subfield>
  </datafield>
  <datafield tag="336" ind1="7" ind2=" ">
    <subfield code="a">CONFERENCE_PAPER</subfield>
    <subfield code="2">ORCID</subfield>
  </datafield>
  <datafield tag="336" ind1="7" ind2=" ">
    <subfield code="a">Conference Paper</subfield>
    <subfield code="0">33</subfield>
    <subfield code="2">EndNote</subfield>
  </datafield>
  <datafield tag="336" ind1="7" ind2=" ">
    <subfield code="a">Journal Article</subfield>
    <subfield code="0">PUB:(DE-HGF)16</subfield>
    <subfield code="2">PUB:(DE-HGF)</subfield>
    <subfield code="m">journal</subfield>
  </datafield>
  <datafield tag="336" ind1="7" ind2=" ">
    <subfield code="a">INPROCEEDINGS</subfield>
    <subfield code="2">BibTeX</subfield>
  </datafield>
  <datafield tag="336" ind1="7" ind2=" ">
    <subfield code="a">conferenceObject</subfield>
    <subfield code="2">DRIVER</subfield>
  </datafield>
  <datafield tag="336" ind1="7" ind2=" ">
    <subfield code="a">Output Types/Conference Paper</subfield>
    <subfield code="2">DataCite</subfield>
  </datafield>
  <datafield tag="336" ind1="7" ind2=" ">
    <subfield code="a">Contribution to a conference proceedings</subfield>
    <subfield code="b">contrib</subfield>
    <subfield code="m">contrib</subfield>
    <subfield code="0">PUB:(DE-HGF)8</subfield>
    <subfield code="s">1674216587_15860</subfield>
    <subfield code="2">PUB:(DE-HGF)</subfield>
  </datafield>
  <datafield tag="500" ind1=" " ind2=" ">
    <subfield code="a">Creative Commons Attribution 4.0 License (https://creativecommons.org/licenses/by/4.0)</subfield>
  </datafield>
  <datafield tag="520" ind1=" " ind2=" ">
    <subfield code="a">The HISPEC-DESPEC collaboration aims at investigating the structure of exotic nuclei formed in fragmentation reactions with decay spectroscopy measurements, as part of the FAIR Phase-0 campaign at GSI. This paper reports on first results of an experiment performed in spring 2021, with a focus on β-decay studies in the Po-Fr nuclei in the 220 &lt;A&lt; 230 island of octupole deformation exploiting the DESPEC setup. Ion-beta correlations and fast-timing techniques are being employed, giving an insight into this difficult-to-reach region.</subfield>
  </datafield>
  <datafield tag="536" ind1=" " ind2=" ">
    <subfield code="a">612 - Cosmic Matter in the Laboratory (POF4-612)</subfield>
    <subfield code="0">G:(DE-HGF)POF4-612</subfield>
    <subfield code="c">POF4-612</subfield>
    <subfield code="f">POF IV</subfield>
    <subfield code="x">0</subfield>
  </datafield>
  <datafield tag="536" ind1=" " ind2=" ">
    <subfield code="a">6G12 - FAIR (GSI) (POF4-6G12)</subfield>
    <subfield code="0">G:(DE-HGF)POF4-6G12</subfield>
    <subfield code="c">POF4-6G12</subfield>
    <subfield code="f">POF IV</subfield>
    <subfield code="x">1</subfield>
  </datafield>
  <datafield tag="588" ind1=" " ind2=" ">
    <subfield code="a">Dataset connected to DataCite, INSPIRE</subfield>
  </datafield>
  <datafield tag="693" ind1=" " ind2=" ">
    <subfield code="0">EXP:(DE-Ds200)S460-20221208</subfield>
    <subfield code="5">EXP:(DE-Ds200)S460-20221208</subfield>
    <subfield code="e">S460: Investigation of 220&lt;A&lt;230 Po-Fr nuclei lying in the south-east frontier of the A~225 island of octupole deformation (Station: FRS)</subfield>
    <subfield code="x">0</subfield>
  </datafield>
  <datafield tag="700" ind1="1" ind2=" ">
    <subfield code="a">Pellumaj, J.</subfield>
    <subfield code="0">J.Pellumaj.1</subfield>
    <subfield code="b">1</subfield>
  </datafield>
  <datafield tag="700" ind1="1" ind2=" ">
    <subfield code="a">Benzoni, G.</subfield>
    <subfield code="0">G.Benzoni.1</subfield>
    <subfield code="b">2</subfield>
  </datafield>
  <datafield tag="700" ind1="1" ind2=" ">
    <subfield code="a">Valiente-Dobón, J. J.</subfield>
    <subfield code="0">J.J.Valiente.Dobon.1</subfield>
    <subfield code="b">3</subfield>
  </datafield>
  <datafield tag="700" ind1="1" ind2=" ">
    <subfield code="a">Zhang, G.</subfield>
    <subfield code="0">G.Zhang.57</subfield>
    <subfield code="b">4</subfield>
  </datafield>
  <datafield tag="700" ind1="1" ind2=" ">
    <subfield code="a">Mengoni, D.</subfield>
    <subfield code="0">D.Mengoni.1</subfield>
    <subfield code="b">5</subfield>
  </datafield>
  <datafield tag="700" ind1="1" ind2=" ">
    <subfield code="a">Vidal, R. M. Perez</subfield>
    <subfield code="0">R.M.P.Vidal.1</subfield>
    <subfield code="b">6</subfield>
  </datafield>
  <datafield tag="700" ind1="1" ind2=" ">
    <subfield code="a">Genna, D.</subfield>
    <subfield code="0">D.Genna.1</subfield>
    <subfield code="b">7</subfield>
  </datafield>
  <datafield tag="700" ind1="1" ind2=" ">
    <subfield code="a">Bracco, A.</subfield>
    <subfield code="0">A.Bracco.1</subfield>
    <subfield code="b">8</subfield>
  </datafield>
  <datafield tag="700" ind1="1" ind2=" ">
    <subfield code="a">Aggez, G.</subfield>
    <subfield code="b">9</subfield>
  </datafield>
  <datafield tag="700" ind1="1" ind2=" ">
    <subfield code="a">Ahmed, U.</subfield>
    <subfield code="0">M.Ahmed.1</subfield>
    <subfield code="b">10</subfield>
  </datafield>
  <datafield tag="700" ind1="1" ind2=" ">
    <subfield code="a">Aktas, Ö.</subfield>
    <subfield code="0">O.Aktas.3</subfield>
    <subfield code="b">11</subfield>
  </datafield>
  <datafield tag="700" ind1="1" ind2=" ">
    <subfield code="a">Aqueel, M. Al</subfield>
    <subfield code="0">M.A.Aqueel.1</subfield>
    <subfield code="b">12</subfield>
  </datafield>
  <datafield tag="700" ind1="1" ind2=" ">
    <subfield code="a">Alayed, B.</subfield>
    <subfield code="0">B.Alayed.1</subfield>
    <subfield code="b">13</subfield>
  </datafield>
  <datafield tag="700" ind1="1" ind2=" ">
    <subfield code="a">Albers, H. M.</subfield>
    <subfield code="0">P:(DE-Ds200)OR7613</subfield>
    <subfield code="b">14</subfield>
    <subfield code="u">gsi</subfield>
  </datafield>
  <datafield tag="700" ind1="1" ind2=" ">
    <subfield code="a">Algora, A.</subfield>
    <subfield code="0">A.Algora.2</subfield>
    <subfield code="b">15</subfield>
  </datafield>
  <datafield tag="700" ind1="1" ind2=" ">
    <subfield code="a">Alhomaidhi, S.</subfield>
    <subfield code="0">P:(DE-Ds200)OR9308</subfield>
    <subfield code="b">16</subfield>
    <subfield code="u">gsi</subfield>
  </datafield>
  <datafield tag="700" ind1="1" ind2=" ">
    <subfield code="a">Appleton, C.</subfield>
    <subfield code="0">C.Appleton.1</subfield>
    <subfield code="b">17</subfield>
  </datafield>
  <datafield tag="700" ind1="1" ind2=" ">
    <subfield code="a">Arici, T.</subfield>
    <subfield code="b">18</subfield>
  </datafield>
  <datafield tag="700" ind1="1" ind2=" ">
    <subfield code="a">Armstrong, M.</subfield>
    <subfield code="b">19</subfield>
  </datafield>
  <datafield tag="700" ind1="1" ind2=" ">
    <subfield code="a">Arnswald, K.</subfield>
    <subfield code="0">K.Arnswald.1</subfield>
    <subfield code="b">20</subfield>
  </datafield>
  <datafield tag="700" ind1="1" ind2=" ">
    <subfield code="a">Balogh, M.</subfield>
    <subfield code="0">M.Balogh.2</subfield>
    <subfield code="b">21</subfield>
  </datafield>
  <datafield tag="700" ind1="1" ind2=" ">
    <subfield code="a">Banerjee, A.</subfield>
    <subfield code="0">P:(DE-Ds200)OR9551</subfield>
    <subfield code="b">22</subfield>
    <subfield code="u">gsi</subfield>
  </datafield>
  <datafield tag="700" ind1="1" ind2=" ">
    <subfield code="a">Garcıa, J. Benito</subfield>
    <subfield code="0">J.B.Garcia.1</subfield>
    <subfield code="b">23</subfield>
  </datafield>
  <datafield tag="700" ind1="1" ind2=" ">
    <subfield code="a">Blazhev, A.</subfield>
    <subfield code="0">A.Blazhev.2</subfield>
    <subfield code="b">24</subfield>
  </datafield>
  <datafield tag="700" ind1="1" ind2=" ">
    <subfield code="a">Bottoni, S.</subfield>
    <subfield code="0">S.Bottoni.6</subfield>
    <subfield code="b">25</subfield>
  </datafield>
  <datafield tag="700" ind1="1" ind2=" ">
    <subfield code="a">Boutachkov, P.</subfield>
    <subfield code="0">P:(DE-Ds200)OR2111</subfield>
    <subfield code="b">26</subfield>
    <subfield code="u">gsi</subfield>
  </datafield>
  <datafield tag="700" ind1="1" ind2=" ">
    <subfield code="a">Bruce, A.</subfield>
    <subfield code="0">A.Bruce.1</subfield>
    <subfield code="b">27</subfield>
  </datafield>
  <datafield tag="700" ind1="1" ind2=" ">
    <subfield code="a">Bruno, C.</subfield>
    <subfield code="0">C.Bruno.1</subfield>
    <subfield code="b">28</subfield>
  </datafield>
  <datafield tag="700" ind1="1" ind2=" ">
    <subfield code="a">Camera, F.</subfield>
    <subfield code="0">F.Camera.1</subfield>
    <subfield code="b">29</subfield>
  </datafield>
  <datafield tag="700" ind1="1" ind2=" ">
    <subfield code="a">Cederwall, B.</subfield>
    <subfield code="0">B.Cederwall.1</subfield>
    <subfield code="b">30</subfield>
  </datafield>
  <datafield tag="700" ind1="1" ind2=" ">
    <subfield code="a">Chishti, M. M. R.</subfield>
    <subfield code="0">M.M.R.Chishti.1</subfield>
    <subfield code="b">31</subfield>
  </datafield>
  <datafield tag="700" ind1="1" ind2=" ">
    <subfield code="a">Cortés, M. L.</subfield>
    <subfield code="b">32</subfield>
  </datafield>
  <datafield tag="700" ind1="1" ind2=" ">
    <subfield code="a">Cox, D. M.</subfield>
    <subfield code="0">D.M.Cox.1</subfield>
    <subfield code="b">33</subfield>
  </datafield>
  <datafield tag="700" ind1="1" ind2=" ">
    <subfield code="a">Crespi, F. C. L.</subfield>
    <subfield code="0">F.C.L.Crespi.1</subfield>
    <subfield code="b">34</subfield>
  </datafield>
  <datafield tag="700" ind1="1" ind2=" ">
    <subfield code="a">Das, B.</subfield>
    <subfield code="b">35</subfield>
  </datafield>
  <datafield tag="700" ind1="1" ind2=" ">
    <subfield code="a">Davinson, T.</subfield>
    <subfield code="0">T.Davinson.17</subfield>
    <subfield code="b">36</subfield>
  </datafield>
  <datafield tag="700" ind1="1" ind2=" ">
    <subfield code="a">Angelis, G. De</subfield>
    <subfield code="0">G.D.Angelis.2</subfield>
    <subfield code="b">37</subfield>
  </datafield>
  <datafield tag="700" ind1="1" ind2=" ">
    <subfield code="a">Dickel, Timo</subfield>
    <subfield code="0">P:(DE-Ds200)OR2034</subfield>
    <subfield code="b">38</subfield>
  </datafield>
  <datafield tag="700" ind1="1" ind2=" ">
    <subfield code="a">Doncel, M.</subfield>
    <subfield code="0">M.Doncel.7</subfield>
    <subfield code="b">39</subfield>
  </datafield>
  <datafield tag="700" ind1="1" ind2=" ">
    <subfield code="a">Donthi, R.</subfield>
    <subfield code="0">R.Donthi.3</subfield>
    <subfield code="b">40</subfield>
  </datafield>
  <datafield tag="700" ind1="1" ind2=" ">
    <subfield code="a">Ertoprak, A.</subfield>
    <subfield code="0">A.Ertoprak.1</subfield>
    <subfield code="b">41</subfield>
  </datafield>
  <datafield tag="700" ind1="1" ind2=" ">
    <subfield code="a">Escudeiro, R.</subfield>
    <subfield code="0">R.Escudeiro.1</subfield>
    <subfield code="b">42</subfield>
  </datafield>
  <datafield tag="700" ind1="1" ind2=" ">
    <subfield code="a">Esmaylzadeh, A.</subfield>
    <subfield code="0">A.Esmaylzadeh.2</subfield>
    <subfield code="b">43</subfield>
  </datafield>
  <datafield tag="700" ind1="1" ind2=" ">
    <subfield code="a">Fraile, L. M.</subfield>
    <subfield code="0">L.M.Fraile.1</subfield>
    <subfield code="b">44</subfield>
  </datafield>
  <datafield tag="700" ind1="1" ind2=" ">
    <subfield code="a">Gaffney, L.</subfield>
    <subfield code="0">L.P.Gaffney.1</subfield>
    <subfield code="b">45</subfield>
  </datafield>
  <datafield tag="700" ind1="1" ind2=" ">
    <subfield code="a">Gamba, E. R.</subfield>
    <subfield code="0">E.R.Gamba.1</subfield>
    <subfield code="b">46</subfield>
  </datafield>
  <datafield tag="700" ind1="1" ind2=" ">
    <subfield code="a">Gerl, J.</subfield>
    <subfield code="0">P:(DE-Ds200)OR0351</subfield>
    <subfield code="b">47</subfield>
    <subfield code="u">gsi</subfield>
  </datafield>
  <datafield tag="700" ind1="1" ind2=" ">
    <subfield code="a">Górska, M.</subfield>
    <subfield code="0">P:(DE-Ds200)OR0368</subfield>
    <subfield code="b">48</subfield>
    <subfield code="u">gsi</subfield>
  </datafield>
  <datafield tag="700" ind1="1" ind2=" ">
    <subfield code="a">Gottardo, A.</subfield>
    <subfield code="0">A.Gottardo.1</subfield>
    <subfield code="b">49</subfield>
  </datafield>
  <datafield tag="700" ind1="1" ind2=" ">
    <subfield code="a">Ha, J.</subfield>
    <subfield code="0">Jeongsu.Ha.1</subfield>
    <subfield code="b">50</subfield>
  </datafield>
  <datafield tag="700" ind1="1" ind2=" ">
    <subfield code="a">Haettner, E.</subfield>
    <subfield code="0">P:(DE-Ds200)OR0414</subfield>
    <subfield code="b">51</subfield>
    <subfield code="u">gsi</subfield>
  </datafield>
  <datafield tag="700" ind1="1" ind2=" ">
    <subfield code="a">Hall, O.</subfield>
    <subfield code="0">O.Hall.1</subfield>
    <subfield code="b">52</subfield>
  </datafield>
  <datafield tag="700" ind1="1" ind2=" ">
    <subfield code="a">Heggen, H.</subfield>
    <subfield code="0">P:(DE-Ds200)OR7202</subfield>
    <subfield code="b">53</subfield>
    <subfield code="u">gsi</subfield>
  </datafield>
  <datafield tag="700" ind1="1" ind2=" ">
    <subfield code="a">Hrabar, Y.</subfield>
    <subfield code="0">Y.Hrabar.1</subfield>
    <subfield code="b">54</subfield>
  </datafield>
  <datafield tag="700" ind1="1" ind2=" ">
    <subfield code="a">Hubbard, N.</subfield>
    <subfield code="0">P:(DE-Ds200)OR9171</subfield>
    <subfield code="b">55</subfield>
    <subfield code="u">gsi</subfield>
  </datafield>
  <datafield tag="700" ind1="1" ind2=" ">
    <subfield code="a">Jazrawi, S.</subfield>
    <subfield code="0">S.Jazrawi.1</subfield>
    <subfield code="b">56</subfield>
  </datafield>
  <datafield tag="700" ind1="1" ind2=" ">
    <subfield code="a">John, P. R.</subfield>
    <subfield code="0">P.John.2</subfield>
    <subfield code="b">57</subfield>
  </datafield>
  <datafield tag="700" ind1="1" ind2=" ">
    <subfield code="a">Jolie, J.</subfield>
    <subfield code="0">J.Jolie.16</subfield>
    <subfield code="b">58</subfield>
  </datafield>
  <datafield tag="700" ind1="1" ind2=" ">
    <subfield code="a">Jones, C.</subfield>
    <subfield code="0">C.Jones.20</subfield>
    <subfield code="b">59</subfield>
  </datafield>
  <datafield tag="700" ind1="1" ind2=" ">
    <subfield code="a">Joss, D.</subfield>
    <subfield code="0">D.Joss.1</subfield>
    <subfield code="b">60</subfield>
  </datafield>
  <datafield tag="700" ind1="1" ind2=" ">
    <subfield code="a">Judson, D.</subfield>
    <subfield code="0">Daniel.S.Judson.1</subfield>
    <subfield code="b">61</subfield>
  </datafield>
  <datafield tag="700" ind1="1" ind2=" ">
    <subfield code="a">Kahl, D.</subfield>
    <subfield code="0">D.Kahl.5</subfield>
    <subfield code="b">62</subfield>
  </datafield>
  <datafield tag="700" ind1="1" ind2=" ">
    <subfield code="a">Karayonchev, V.</subfield>
    <subfield code="0">V.Karayonchev.2</subfield>
    <subfield code="b">63</subfield>
  </datafield>
  <datafield tag="700" ind1="1" ind2=" ">
    <subfield code="a">Kazantseva, E.</subfield>
    <subfield code="0">P:(DE-Ds200)OR6991</subfield>
    <subfield code="b">64</subfield>
    <subfield code="u">gsi</subfield>
  </datafield>
  <datafield tag="700" ind1="1" ind2=" ">
    <subfield code="a">Kern, R.</subfield>
    <subfield code="b">65</subfield>
  </datafield>
  <datafield tag="700" ind1="1" ind2=" ">
    <subfield code="a">Knafla, L.</subfield>
    <subfield code="0">L.Knafla.1</subfield>
    <subfield code="b">66</subfield>
  </datafield>
  <datafield tag="700" ind1="1" ind2=" ">
    <subfield code="a">Kojouharov, I.</subfield>
    <subfield code="0">P:(DE-Ds200)OR0614</subfield>
    <subfield code="b">67</subfield>
    <subfield code="u">gsi</subfield>
  </datafield>
  <datafield tag="700" ind1="1" ind2=" ">
    <subfield code="a">Korgul, A.</subfield>
    <subfield code="0">A.Korgul.3</subfield>
    <subfield code="b">68</subfield>
  </datafield>
  <datafield tag="700" ind1="1" ind2=" ">
    <subfield code="a">Korten, W.</subfield>
    <subfield code="0">W.Korten.1</subfield>
    <subfield code="b">69</subfield>
  </datafield>
  <datafield tag="700" ind1="1" ind2=" ">
    <subfield code="a">Koseoglou, P.</subfield>
    <subfield code="b">70</subfield>
  </datafield>
  <datafield tag="700" ind1="1" ind2=" ">
    <subfield code="a">Kosir, G.</subfield>
    <subfield code="0">G.Kosir.1</subfield>
    <subfield code="b">71</subfield>
  </datafield>
  <datafield tag="700" ind1="1" ind2=" ">
    <subfield code="a">Kostyleva, D.</subfield>
    <subfield code="0">P:(DE-Ds200)OR7111</subfield>
    <subfield code="b">72</subfield>
    <subfield code="u">gsi</subfield>
  </datafield>
  <datafield tag="700" ind1="1" ind2=" ">
    <subfield code="a">Kurtukian-Nieto, T.</subfield>
    <subfield code="0">K.K.Nieto.1</subfield>
    <subfield code="b">73</subfield>
  </datafield>
  <datafield tag="700" ind1="1" ind2=" ">
    <subfield code="a">Kurz, N.</subfield>
    <subfield code="0">P:(DE-Ds200)OR0674</subfield>
    <subfield code="b">74</subfield>
    <subfield code="u">gsi</subfield>
  </datafield>
  <datafield tag="700" ind1="1" ind2=" ">
    <subfield code="a">Kuzminchuk, Natalia</subfield>
    <subfield code="0">P:(DE-Ds200)OR1800</subfield>
    <subfield code="b">75</subfield>
  </datafield>
  <datafield tag="700" ind1="1" ind2=" ">
    <subfield code="a">Labiche, M.</subfield>
    <subfield code="0">M.Labiche.10</subfield>
    <subfield code="b">76</subfield>
  </datafield>
  <datafield tag="700" ind1="1" ind2=" ">
    <subfield code="a">Lenzi, S.</subfield>
    <subfield code="0">S.M.Lenzi.1</subfield>
    <subfield code="b">77</subfield>
  </datafield>
  <datafield tag="700" ind1="1" ind2=" ">
    <subfield code="a">Leoni, S.</subfield>
    <subfield code="0">S.Leoni.1</subfield>
    <subfield code="b">78</subfield>
  </datafield>
  <datafield tag="700" ind1="1" ind2=" ">
    <subfield code="a">Expósito, M. Llanos</subfield>
    <subfield code="0">M.L.Exposito.1</subfield>
    <subfield code="b">79</subfield>
  </datafield>
  <datafield tag="700" ind1="1" ind2=" ">
    <subfield code="a">Lozeva, R.</subfield>
    <subfield code="0">R.Lozeva.3</subfield>
    <subfield code="b">80</subfield>
  </datafield>
  <datafield tag="700" ind1="1" ind2=" ">
    <subfield code="a">Mertzimekis, T. J.</subfield>
    <subfield code="0">T.Mertzimekis.1</subfield>
    <subfield code="b">81</subfield>
  </datafield>
  <datafield tag="700" ind1="1" ind2=" ">
    <subfield code="a">Mikolajczuk, M.</subfield>
    <subfield code="b">82</subfield>
  </datafield>
  <datafield tag="700" ind1="1" ind2=" ">
    <subfield code="a">Million, B.</subfield>
    <subfield code="0">B.Million.1</subfield>
    <subfield code="b">83</subfield>
  </datafield>
  <datafield tag="700" ind1="1" ind2=" ">
    <subfield code="a">Mistry, A. K.</subfield>
    <subfield code="0">P:(DE-Ds200)OR7339</subfield>
    <subfield code="b">84</subfield>
    <subfield code="u">gsi</subfield>
  </datafield>
  <datafield tag="700" ind1="1" ind2=" ">
    <subfield code="a">Morales, A.</subfield>
    <subfield code="0">A.Morales.3</subfield>
    <subfield code="b">85</subfield>
  </datafield>
  <datafield tag="700" ind1="1" ind2=" ">
    <subfield code="a">Mukha, I.</subfield>
    <subfield code="0">P:(DE-Ds200)OR0832</subfield>
    <subfield code="b">86</subfield>
    <subfield code="u">gsi</subfield>
  </datafield>
  <datafield tag="700" ind1="1" ind2=" ">
    <subfield code="a">Murias, J. R.</subfield>
    <subfield code="0">J.R.Murias.1</subfield>
    <subfield code="b">87</subfield>
  </datafield>
  <datafield tag="700" ind1="1" ind2=" ">
    <subfield code="a">Napoli, D.</subfield>
    <subfield code="0">D.R.Napoli.1</subfield>
    <subfield code="b">88</subfield>
  </datafield>
  <datafield tag="700" ind1="1" ind2=" ">
    <subfield code="a">Singh, B. S. Nara</subfield>
    <subfield code="0">B.S.Nara.Singh.1</subfield>
    <subfield code="b">89</subfield>
  </datafield>
  <datafield tag="700" ind1="1" ind2=" ">
    <subfield code="a">O'Donnell, D.</subfield>
    <subfield code="0">D.Odonnell.1</subfield>
    <subfield code="b">90</subfield>
  </datafield>
  <datafield tag="700" ind1="1" ind2=" ">
    <subfield code="a">Orrigo, S. E. A.</subfield>
    <subfield code="0">S.E.A.Orrigo.1</subfield>
    <subfield code="b">91</subfield>
  </datafield>
  <datafield tag="700" ind1="1" ind2=" ">
    <subfield code="a">Page, R.</subfield>
    <subfield code="0">R.F.Page.1</subfield>
    <subfield code="b">92</subfield>
  </datafield>
  <datafield tag="700" ind1="1" ind2=" ">
    <subfield code="a">Pelonis, S.</subfield>
    <subfield code="0">S.Pelonis.1</subfield>
    <subfield code="b">93</subfield>
  </datafield>
  <datafield tag="700" ind1="1" ind2=" ">
    <subfield code="a">Petrovic, J.</subfield>
    <subfield code="0">J.Petrovic.1</subfield>
    <subfield code="b">94</subfield>
  </datafield>
  <datafield tag="700" ind1="1" ind2=" ">
    <subfield code="a">Pietralla, N.</subfield>
    <subfield code="b">95</subfield>
  </datafield>
  <datafield tag="700" ind1="1" ind2=" ">
    <subfield code="a">Pietri, S.</subfield>
    <subfield code="0">P:(DE-Ds200)OR1548</subfield>
    <subfield code="b">96</subfield>
    <subfield code="u">gsi</subfield>
  </datafield>
  <datafield tag="700" ind1="1" ind2=" ">
    <subfield code="a">Pigliapoco, S.</subfield>
    <subfield code="0">S.Pigliapoco.1</subfield>
    <subfield code="b">97</subfield>
  </datafield>
  <datafield tag="700" ind1="1" ind2=" ">
    <subfield code="a">Podolyak, Zs.</subfield>
    <subfield code="0">Z.Podolyak.7</subfield>
    <subfield code="b">98</subfield>
  </datafield>
  <datafield tag="700" ind1="1" ind2=" ">
    <subfield code="a">Porzio, C.</subfield>
    <subfield code="0">C.Porzio.1</subfield>
    <subfield code="b">99</subfield>
  </datafield>
  <datafield tag="700" ind1="1" ind2=" ">
    <subfield code="a">Arnes, B. Quintana</subfield>
    <subfield code="0">B.Q.Arnes.1</subfield>
    <subfield code="b">100</subfield>
  </datafield>
  <datafield tag="700" ind1="1" ind2=" ">
    <subfield code="a">Recchia, F.</subfield>
    <subfield code="0">F.Recchia.1</subfield>
    <subfield code="b">101</subfield>
  </datafield>
  <datafield tag="700" ind1="1" ind2=" ">
    <subfield code="a">Regan, P. H.</subfield>
    <subfield code="0">P.H.Regan.1</subfield>
    <subfield code="b">102</subfield>
  </datafield>
  <datafield tag="700" ind1="1" ind2=" ">
    <subfield code="a">Régis, J. M.</subfield>
    <subfield code="0">J.M.Regis.3</subfield>
    <subfield code="b">103</subfield>
  </datafield>
  <datafield tag="700" ind1="1" ind2=" ">
    <subfield code="a">Reiter, P.</subfield>
    <subfield code="0">P.Reiter.14</subfield>
    <subfield code="b">104</subfield>
  </datafield>
  <datafield tag="700" ind1="1" ind2=" ">
    <subfield code="a">Rezynkina, K.</subfield>
    <subfield code="0">K.Rezynkina.1</subfield>
    <subfield code="b">105</subfield>
  </datafield>
  <datafield tag="700" ind1="1" ind2=" ">
    <subfield code="a">Roy, Pratap</subfield>
    <subfield code="0">P:(DE-Ds200)OR10578</subfield>
    <subfield code="b">106</subfield>
    <subfield code="u">gsi</subfield>
  </datafield>
  <datafield tag="700" ind1="1" ind2=" ">
    <subfield code="a">Rudigier, M.</subfield>
    <subfield code="0">M.Rudigier.1</subfield>
    <subfield code="b">107</subfield>
  </datafield>
  <datafield tag="700" ind1="1" ind2=" ">
    <subfield code="a">Ruotsalainen, P.</subfield>
    <subfield code="0">P.Ruotsalainen.16</subfield>
    <subfield code="b">108</subfield>
  </datafield>
  <datafield tag="700" ind1="1" ind2=" ">
    <subfield code="a">Sahin, E.</subfield>
    <subfield code="0">P:(DE-Ds200)OR8852</subfield>
    <subfield code="b">109</subfield>
    <subfield code="u">gsi</subfield>
  </datafield>
  <datafield tag="700" ind1="1" ind2=" ">
    <subfield code="a">Sarmiento, L. G.</subfield>
    <subfield code="0">L.G.Sarmiento.2</subfield>
    <subfield code="b">110</subfield>
  </datafield>
  <datafield tag="700" ind1="1" ind2=" ">
    <subfield code="a">Satrazani, M. M.</subfield>
    <subfield code="0">M.M.Satrazani.1</subfield>
    <subfield code="b">111</subfield>
  </datafield>
  <datafield tag="700" ind1="1" ind2=" ">
    <subfield code="a">Schaffner, H.</subfield>
    <subfield code="0">P:(DE-Ds200)OR1090</subfield>
    <subfield code="b">112</subfield>
    <subfield code="u">gsi</subfield>
  </datafield>
  <datafield tag="700" ind1="1" ind2=" ">
    <subfield code="a">Scheidenberger, C.</subfield>
    <subfield code="0">P:(DE-Ds200)OR1098</subfield>
    <subfield code="b">113</subfield>
    <subfield code="u">gsi</subfield>
  </datafield>
  <datafield tag="700" ind1="1" ind2=" ">
    <subfield code="a">Sexton, L.</subfield>
    <subfield code="0">E.Sexton.Kennedy.1</subfield>
    <subfield code="b">114</subfield>
  </datafield>
  <datafield tag="700" ind1="1" ind2=" ">
    <subfield code="a">Sharma, A.</subfield>
    <subfield code="b">115</subfield>
  </datafield>
  <datafield tag="700" ind1="1" ind2=" ">
    <subfield code="a">Smallcombe, J.</subfield>
    <subfield code="0">J.Smallcombe.1</subfield>
    <subfield code="b">116</subfield>
  </datafield>
  <datafield tag="700" ind1="1" ind2=" ">
    <subfield code="a">Söderström, P. A.</subfield>
    <subfield code="0">P.A.Soderstrom.2</subfield>
    <subfield code="b">117</subfield>
  </datafield>
  <datafield tag="700" ind1="1" ind2=" ">
    <subfield code="a">Sood, A.</subfield>
    <subfield code="0">A.Sood.6</subfield>
    <subfield code="b">118</subfield>
  </datafield>
  <datafield tag="700" ind1="1" ind2=" ">
    <subfield code="a">Vasileiou, P.</subfield>
    <subfield code="0">P.Vasileiou.1</subfield>
    <subfield code="b">119</subfield>
  </datafield>
  <datafield tag="700" ind1="1" ind2=" ">
    <subfield code="a">Vesic, J.</subfield>
    <subfield code="0">J.Vesic.1</subfield>
    <subfield code="b">120</subfield>
  </datafield>
  <datafield tag="700" ind1="1" ind2=" ">
    <subfield code="a">Vilhena, J.</subfield>
    <subfield code="0">J.Vilhena.1</subfield>
    <subfield code="b">121</subfield>
  </datafield>
  <datafield tag="700" ind1="1" ind2=" ">
    <subfield code="a">Waring, L.</subfield>
    <subfield code="0">L.Waring.1</subfield>
    <subfield code="b">122</subfield>
  </datafield>
  <datafield tag="700" ind1="1" ind2=" ">
    <subfield code="a">Weick, H.</subfield>
    <subfield code="0">P:(DE-Ds200)OR1370</subfield>
    <subfield code="b">123</subfield>
    <subfield code="u">gsi</subfield>
  </datafield>
  <datafield tag="700" ind1="1" ind2=" ">
    <subfield code="a">Werner, V.</subfield>
    <subfield code="0">Volker.Werner.1</subfield>
    <subfield code="b">124</subfield>
  </datafield>
  <datafield tag="700" ind1="1" ind2=" ">
    <subfield code="a">Wiederhold, J.</subfield>
    <subfield code="0">J.Wiederhold.1</subfield>
    <subfield code="b">125</subfield>
  </datafield>
  <datafield tag="700" ind1="1" ind2=" ">
    <subfield code="a">Wieland, O.</subfield>
    <subfield code="0">O.Wieland.1</subfield>
    <subfield code="b">126</subfield>
  </datafield>
  <datafield tag="700" ind1="1" ind2=" ">
    <subfield code="a">Wimmer, K.</subfield>
    <subfield code="0">P:(DE-Ds200)OR10503</subfield>
    <subfield code="b">127</subfield>
    <subfield code="u">gsi</subfield>
  </datafield>
  <datafield tag="700" ind1="1" ind2=" ">
    <subfield code="a">Wollersheim, H. J.</subfield>
    <subfield code="0">P:(DE-Ds200)OR1419</subfield>
    <subfield code="b">128</subfield>
    <subfield code="u">gsi</subfield>
  </datafield>
  <datafield tag="700" ind1="1" ind2=" ">
    <subfield code="a">Woods, P.</subfield>
    <subfield code="0">P.J.Woods.1</subfield>
    <subfield code="b">129</subfield>
  </datafield>
  <datafield tag="700" ind1="1" ind2=" ">
    <subfield code="a">Yaneva, A.</subfield>
    <subfield code="0">A.Yaneva.1</subfield>
    <subfield code="b">130</subfield>
  </datafield>
  <datafield tag="700" ind1="1" ind2=" ">
    <subfield code="a">Zanon, I.</subfield>
    <subfield code="0">I.Zanon.1</subfield>
    <subfield code="b">131</subfield>
  </datafield>
  <datafield tag="700" ind1="1" ind2=" ">
    <subfield code="a">Zhao, Jianwei</subfield>
    <subfield code="0">P:(DE-Ds200)OR9806</subfield>
    <subfield code="b">132</subfield>
  </datafield>
  <datafield tag="700" ind1="1" ind2=" ">
    <subfield code="a">Zidarova, R.</subfield>
    <subfield code="0">R.Zidarova.2</subfield>
    <subfield code="b">133</subfield>
  </datafield>
  <datafield tag="700" ind1="1" ind2=" ">
    <subfield code="a">Ziliani, S.</subfield>
    <subfield code="0">S.Ziliani.1</subfield>
    <subfield code="b">134</subfield>
  </datafield>
  <datafield tag="700" ind1="1" ind2=" ">
    <subfield code="a">Zimba, G.</subfield>
    <subfield code="0">G.Zimba.1</subfield>
    <subfield code="b">135</subfield>
  </datafield>
  <datafield tag="700" ind1="1" ind2=" ">
    <subfield code="a">Zyriliou, A.</subfield>
    <subfield code="0">A.Zyriliou.1</subfield>
    <subfield code="b">136</subfield>
  </datafield>
  <datafield tag="700" ind1="1" ind2=" ">
    <subfield code="a">HISPEC-DESPEC Collaboration</subfield>
    <subfield code="0">P:(DE-HGF)0</subfield>
    <subfield code="b">137</subfield>
  </datafield>
  <datafield tag="773" ind1=" " ind2=" ">
    <subfield code="a">10.1393/ncc/i2022-22125-5</subfield>
    <subfield code="0">PERI:(DE-600)2556226-5</subfield>
    <subfield code="n">5</subfield>
    <subfield code="p">125</subfield>
    <subfield code="t">Il nuovo cimento / C</subfield>
    <subfield code="v">45</subfield>
    <subfield code="y">2022</subfield>
    <subfield code="x">1124-1896</subfield>
  </datafield>
  <datafield tag="856" ind1="4" ind2=" ">
    <subfield code="u">http://repository.gsi.de/record/250895/files/ncc12400.pdf</subfield>
    <subfield code="y">OpenAccess</subfield>
  </datafield>
  <datafield tag="856" ind1="4" ind2=" ">
    <subfield code="u">http://repository.gsi.de/record/250895/files/ncc12400.gif?subformat=icon</subfield>
    <subfield code="x">icon</subfield>
    <subfield code="y">OpenAccess</subfield>
  </datafield>
  <datafield tag="856" ind1="4" ind2=" ">
    <subfield code="u">http://repository.gsi.de/record/250895/files/ncc12400.jpg?subformat=icon-1440</subfield>
    <subfield code="x">icon-1440</subfield>
    <subfield code="y">OpenAccess</subfield>
  </datafield>
  <datafield tag="856" ind1="4" ind2=" ">
    <subfield code="u">http://repository.gsi.de/record/250895/files/ncc12400.jpg?subformat=icon-180</subfield>
    <subfield code="x">icon-180</subfield>
    <subfield code="y">OpenAccess</subfield>
  </datafield>
  <datafield tag="856" ind1="4" ind2=" ">
    <subfield code="u">http://repository.gsi.de/record/250895/files/ncc12400.jpg?subformat=icon-640</subfield>
    <subfield code="x">icon-640</subfield>
    <subfield code="y">OpenAccess</subfield>
  </datafield>
  <datafield tag="909" ind1="C" ind2="O">
    <subfield code="o">oai:repository.gsi.de:250895</subfield>
    <subfield code="p">openaire</subfield>
    <subfield code="p">open_access</subfield>
    <subfield code="p">VDB</subfield>
    <subfield code="p">driver</subfield>
    <subfield code="p">dnbdelivery</subfield>
  </datafield>
  <datafield tag="910" ind1="1" ind2=" ">
    <subfield code="a">GSI Helmholtzzentrum für Schwerionenforschung GmbH</subfield>
    <subfield code="0">I:(DE-Ds200)20121206GSI</subfield>
    <subfield code="k">GSI</subfield>
    <subfield code="b">14</subfield>
    <subfield code="6">P:(DE-Ds200)OR7613</subfield>
  </datafield>
  <datafield tag="910" ind1="1" ind2=" ">
    <subfield code="a">GSI Helmholtzzentrum für Schwerionenforschung GmbH</subfield>
    <subfield code="0">I:(DE-Ds200)20121206GSI</subfield>
    <subfield code="k">GSI</subfield>
    <subfield code="b">16</subfield>
    <subfield code="6">P:(DE-Ds200)OR9308</subfield>
  </datafield>
  <datafield tag="910" ind1="1" ind2=" ">
    <subfield code="a">GSI Helmholtzzentrum für Schwerionenforschung GmbH</subfield>
    <subfield code="0">I:(DE-Ds200)20121206GSI</subfield>
    <subfield code="k">GSI</subfield>
    <subfield code="b">22</subfield>
    <subfield code="6">P:(DE-Ds200)OR9551</subfield>
  </datafield>
  <datafield tag="910" ind1="1" ind2=" ">
    <subfield code="a">GSI Helmholtzzentrum für Schwerionenforschung GmbH</subfield>
    <subfield code="0">I:(DE-Ds200)20121206GSI</subfield>
    <subfield code="k">GSI</subfield>
    <subfield code="b">26</subfield>
    <subfield code="6">P:(DE-Ds200)OR2111</subfield>
  </datafield>
  <datafield tag="910" ind1="1" ind2=" ">
    <subfield code="a">GSI Helmholtzzentrum für Schwerionenforschung GmbH</subfield>
    <subfield code="0">I:(DE-Ds200)20121206GSI</subfield>
    <subfield code="k">GSI</subfield>
    <subfield code="b">38</subfield>
    <subfield code="6">P:(DE-Ds200)OR2034</subfield>
  </datafield>
  <datafield tag="910" ind1="1" ind2=" ">
    <subfield code="a">GSI Helmholtzzentrum für Schwerionenforschung GmbH</subfield>
    <subfield code="0">I:(DE-Ds200)20121206GSI</subfield>
    <subfield code="k">GSI</subfield>
    <subfield code="b">47</subfield>
    <subfield code="6">P:(DE-Ds200)OR0351</subfield>
  </datafield>
  <datafield tag="910" ind1="1" ind2=" ">
    <subfield code="a">GSI Helmholtzzentrum für Schwerionenforschung GmbH</subfield>
    <subfield code="0">I:(DE-Ds200)20121206GSI</subfield>
    <subfield code="k">GSI</subfield>
    <subfield code="b">48</subfield>
    <subfield code="6">P:(DE-Ds200)OR0368</subfield>
  </datafield>
  <datafield tag="910" ind1="1" ind2=" ">
    <subfield code="a">GSI Helmholtzzentrum für Schwerionenforschung GmbH</subfield>
    <subfield code="0">I:(DE-Ds200)20121206GSI</subfield>
    <subfield code="k">GSI</subfield>
    <subfield code="b">51</subfield>
    <subfield code="6">P:(DE-Ds200)OR0414</subfield>
  </datafield>
  <datafield tag="910" ind1="1" ind2=" ">
    <subfield code="a">GSI Helmholtzzentrum für Schwerionenforschung GmbH</subfield>
    <subfield code="0">I:(DE-Ds200)20121206GSI</subfield>
    <subfield code="k">GSI</subfield>
    <subfield code="b">53</subfield>
    <subfield code="6">P:(DE-Ds200)OR7202</subfield>
  </datafield>
  <datafield tag="910" ind1="1" ind2=" ">
    <subfield code="a">GSI Helmholtzzentrum für Schwerionenforschung GmbH</subfield>
    <subfield code="0">I:(DE-Ds200)20121206GSI</subfield>
    <subfield code="k">GSI</subfield>
    <subfield code="b">55</subfield>
    <subfield code="6">P:(DE-Ds200)OR9171</subfield>
  </datafield>
  <datafield tag="910" ind1="1" ind2=" ">
    <subfield code="a">GSI Helmholtzzentrum für Schwerionenforschung GmbH</subfield>
    <subfield code="0">I:(DE-Ds200)20121206GSI</subfield>
    <subfield code="k">GSI</subfield>
    <subfield code="b">64</subfield>
    <subfield code="6">P:(DE-Ds200)OR6991</subfield>
  </datafield>
  <datafield tag="910" ind1="1" ind2=" ">
    <subfield code="a">GSI Helmholtzzentrum für Schwerionenforschung GmbH</subfield>
    <subfield code="0">I:(DE-Ds200)20121206GSI</subfield>
    <subfield code="k">GSI</subfield>
    <subfield code="b">67</subfield>
    <subfield code="6">P:(DE-Ds200)OR0614</subfield>
  </datafield>
  <datafield tag="910" ind1="1" ind2=" ">
    <subfield code="a">GSI Helmholtzzentrum für Schwerionenforschung GmbH</subfield>
    <subfield code="0">I:(DE-Ds200)20121206GSI</subfield>
    <subfield code="k">GSI</subfield>
    <subfield code="b">72</subfield>
    <subfield code="6">P:(DE-Ds200)OR7111</subfield>
  </datafield>
  <datafield tag="910" ind1="1" ind2=" ">
    <subfield code="a">GSI Helmholtzzentrum für Schwerionenforschung GmbH</subfield>
    <subfield code="0">I:(DE-Ds200)20121206GSI</subfield>
    <subfield code="k">GSI</subfield>
    <subfield code="b">74</subfield>
    <subfield code="6">P:(DE-Ds200)OR0674</subfield>
  </datafield>
  <datafield tag="910" ind1="1" ind2=" ">
    <subfield code="a">GSI Helmholtzzentrum für Schwerionenforschung GmbH</subfield>
    <subfield code="0">I:(DE-Ds200)20121206GSI</subfield>
    <subfield code="k">GSI</subfield>
    <subfield code="b">75</subfield>
    <subfield code="6">P:(DE-Ds200)OR1800</subfield>
  </datafield>
  <datafield tag="910" ind1="1" ind2=" ">
    <subfield code="a">GSI Helmholtzzentrum für Schwerionenforschung GmbH</subfield>
    <subfield code="0">I:(DE-Ds200)20121206GSI</subfield>
    <subfield code="k">GSI</subfield>
    <subfield code="b">84</subfield>
    <subfield code="6">P:(DE-Ds200)OR7339</subfield>
  </datafield>
  <datafield tag="910" ind1="1" ind2=" ">
    <subfield code="a">GSI Helmholtzzentrum für Schwerionenforschung GmbH</subfield>
    <subfield code="0">I:(DE-Ds200)20121206GSI</subfield>
    <subfield code="k">GSI</subfield>
    <subfield code="b">86</subfield>
    <subfield code="6">P:(DE-Ds200)OR0832</subfield>
  </datafield>
  <datafield tag="910" ind1="1" ind2=" ">
    <subfield code="a">GSI Helmholtzzentrum für Schwerionenforschung GmbH</subfield>
    <subfield code="0">I:(DE-Ds200)20121206GSI</subfield>
    <subfield code="k">GSI</subfield>
    <subfield code="b">96</subfield>
    <subfield code="6">P:(DE-Ds200)OR1548</subfield>
  </datafield>
  <datafield tag="910" ind1="1" ind2=" ">
    <subfield code="a">GSI Helmholtzzentrum für Schwerionenforschung GmbH</subfield>
    <subfield code="0">I:(DE-Ds200)20121206GSI</subfield>
    <subfield code="k">GSI</subfield>
    <subfield code="b">106</subfield>
    <subfield code="6">P:(DE-Ds200)OR10578</subfield>
  </datafield>
  <datafield tag="910" ind1="1" ind2=" ">
    <subfield code="a">GSI Helmholtzzentrum für Schwerionenforschung GmbH</subfield>
    <subfield code="0">I:(DE-Ds200)20121206GSI</subfield>
    <subfield code="k">GSI</subfield>
    <subfield code="b">109</subfield>
    <subfield code="6">P:(DE-Ds200)OR8852</subfield>
  </datafield>
  <datafield tag="910" ind1="1" ind2=" ">
    <subfield code="a">GSI Helmholtzzentrum für Schwerionenforschung GmbH</subfield>
    <subfield code="0">I:(DE-Ds200)20121206GSI</subfield>
    <subfield code="k">GSI</subfield>
    <subfield code="b">112</subfield>
    <subfield code="6">P:(DE-Ds200)OR1090</subfield>
  </datafield>
  <datafield tag="910" ind1="1" ind2=" ">
    <subfield code="a">GSI Helmholtzzentrum für Schwerionenforschung GmbH</subfield>
    <subfield code="0">I:(DE-Ds200)20121206GSI</subfield>
    <subfield code="k">GSI</subfield>
    <subfield code="b">113</subfield>
    <subfield code="6">P:(DE-Ds200)OR1098</subfield>
  </datafield>
  <datafield tag="910" ind1="1" ind2=" ">
    <subfield code="a">GSI Helmholtzzentrum für Schwerionenforschung GmbH</subfield>
    <subfield code="0">I:(DE-Ds200)20121206GSI</subfield>
    <subfield code="k">GSI</subfield>
    <subfield code="b">123</subfield>
    <subfield code="6">P:(DE-Ds200)OR1370</subfield>
  </datafield>
  <datafield tag="910" ind1="1" ind2=" ">
    <subfield code="a">GSI Helmholtzzentrum für Schwerionenforschung GmbH</subfield>
    <subfield code="0">I:(DE-Ds200)20121206GSI</subfield>
    <subfield code="k">GSI</subfield>
    <subfield code="b">127</subfield>
    <subfield code="6">P:(DE-Ds200)OR10503</subfield>
  </datafield>
  <datafield tag="910" ind1="1" ind2=" ">
    <subfield code="a">GSI Helmholtzzentrum für Schwerionenforschung GmbH</subfield>
    <subfield code="0">I:(DE-Ds200)20121206GSI</subfield>
    <subfield code="k">GSI</subfield>
    <subfield code="b">128</subfield>
    <subfield code="6">P:(DE-Ds200)OR1419</subfield>
  </datafield>
  <datafield tag="910" ind1="1" ind2=" ">
    <subfield code="a">GSI Helmholtzzentrum für Schwerionenforschung GmbH</subfield>
    <subfield code="0">I:(DE-Ds200)20121206GSI</subfield>
    <subfield code="k">GSI</subfield>
    <subfield code="b">132</subfield>
    <subfield code="6">P:(DE-Ds200)OR9806</subfield>
  </datafield>
  <datafield tag="910" ind1="1" ind2=" ">
    <subfield code="a">GSI Helmholtzzentrum für Schwerionenforschung GmbH</subfield>
    <subfield code="0">I:(DE-Ds200)20121206GSI</subfield>
    <subfield code="k">GSI</subfield>
    <subfield code="b">137</subfield>
    <subfield code="6">P:(DE-HGF)0</subfield>
  </datafield>
  <datafield tag="913" ind1="1" ind2=" ">
    <subfield code="a">DE-HGF</subfield>
    <subfield code="b">Forschungsbereich Materie</subfield>
    <subfield code="l">Matter and the Universe</subfield>
    <subfield code="1">G:(DE-HGF)POF4-610</subfield>
    <subfield code="0">G:(DE-HGF)POF4-612</subfield>
    <subfield code="3">G:(DE-HGF)POF4</subfield>
    <subfield code="2">G:(DE-HGF)POF4-600</subfield>
    <subfield code="4">G:(DE-HGF)POF</subfield>
    <subfield code="v">Cosmic Matter in the Laboratory</subfield>
    <subfield code="x">0</subfield>
  </datafield>
  <datafield tag="913" ind1="1" ind2=" ">
    <subfield code="a">DE-HGF</subfield>
    <subfield code="b">Forschungsbereich Materie</subfield>
    <subfield code="l">Großgeräte: Materie</subfield>
    <subfield code="1">G:(DE-HGF)POF4-6G0</subfield>
    <subfield code="0">G:(DE-HGF)POF4-6G12</subfield>
    <subfield code="3">G:(DE-HGF)POF4</subfield>
    <subfield code="2">G:(DE-HGF)POF4-600</subfield>
    <subfield code="4">G:(DE-HGF)POF</subfield>
    <subfield code="v">FAIR (GSI)</subfield>
    <subfield code="x">1</subfield>
  </datafield>
  <datafield tag="914" ind1="1" ind2=" ">
    <subfield code="y">2022</subfield>
  </datafield>
  <datafield tag="915" ind1=" " ind2=" ">
    <subfield code="a">DBCoverage</subfield>
    <subfield code="0">StatID:(DE-HGF)0150</subfield>
    <subfield code="2">StatID</subfield>
    <subfield code="b">Web of Science Core Collection</subfield>
    <subfield code="d">2022-11-30</subfield>
  </datafield>
  <datafield tag="915" ind1=" " ind2=" ">
    <subfield code="a">Creative Commons Attribution CC BY 4.0</subfield>
    <subfield code="0">LIC:(DE-HGF)CCBY4</subfield>
    <subfield code="2">HGFVOC</subfield>
  </datafield>
  <datafield tag="915" ind1=" " ind2=" ">
    <subfield code="a">WoS</subfield>
    <subfield code="0">StatID:(DE-HGF)0112</subfield>
    <subfield code="2">StatID</subfield>
    <subfield code="b">Emerging Sources Citation Index</subfield>
    <subfield code="d">2022-11-30</subfield>
  </datafield>
  <datafield tag="915" ind1=" " ind2=" ">
    <subfield code="a">DBCoverage</subfield>
    <subfield code="0">StatID:(DE-HGF)0200</subfield>
    <subfield code="2">StatID</subfield>
    <subfield code="b">SCOPUS</subfield>
    <subfield code="d">2022-11-30</subfield>
  </datafield>
  <datafield tag="915" ind1=" " ind2=" ">
    <subfield code="a">OpenAccess</subfield>
    <subfield code="0">StatID:(DE-HGF)0510</subfield>
    <subfield code="2">StatID</subfield>
  </datafield>
  <datafield tag="915" ind1=" " ind2=" ">
    <subfield code="a">DBCoverage</subfield>
    <subfield code="0">StatID:(DE-HGF)0300</subfield>
    <subfield code="2">StatID</subfield>
    <subfield code="b">Medline</subfield>
    <subfield code="d">2022-11-30</subfield>
  </datafield>
  <datafield tag="915" ind1=" " ind2=" ">
    <subfield code="a">Nationallizenz</subfield>
    <subfield code="0">StatID:(DE-HGF)0420</subfield>
    <subfield code="2">StatID</subfield>
    <subfield code="d">2022-11-30</subfield>
    <subfield code="w">ger</subfield>
  </datafield>
  <datafield tag="915" ind1=" " ind2=" ">
    <subfield code="a">DBCoverage</subfield>
    <subfield code="0">StatID:(DE-HGF)0199</subfield>
    <subfield code="2">StatID</subfield>
    <subfield code="b">Clarivate Analytics Master Journal List</subfield>
    <subfield code="d">2022-11-30</subfield>
  </datafield>
  <datafield tag="920" ind1=" " ind2=" ">
    <subfield code="l">yes</subfield>
  </datafield>
  <datafield tag="920" ind1="1" ind2=" ">
    <subfield code="0">I:(DE-Ds200)KSP-20080822OR106</subfield>
    <subfield code="k">KSP</subfield>
    <subfield code="l">Kernspektroskopie</subfield>
    <subfield code="x">0</subfield>
  </datafield>
  <datafield tag="980" ind1=" " ind2=" ">
    <subfield code="a">contrib</subfield>
  </datafield>
  <datafield tag="980" ind1=" " ind2=" ">
    <subfield code="a">VDB</subfield>
  </datafield>
  <datafield tag="980" ind1=" " ind2=" ">
    <subfield code="a">journal</subfield>
  </datafield>
  <datafield tag="980" ind1=" " ind2=" ">
    <subfield code="a">I:(DE-Ds200)KSP-20080822OR106</subfield>
  </datafield>
  <datafield tag="980" ind1=" " ind2=" ">
    <subfield code="a">UNRESTRICTED</subfield>
  </datafield>
  <datafield tag="980" ind1="1" ind2=" ">
    <subfield code="a">FullTexts</subfield>
  </datafield>
</record>
</collection>